| 000 | 006830am a2200253 004500 | ||
|---|---|---|---|
| 003 | EG-GiCUC | ||
| 008 | 080823s1954 fr 000 0 fre | ||
| 040 |
_aEG-GiCUC _bfre _cEG-GiCUC |
||
| 043 | _ae-fr--- | ||
| 050 | 0 | 0 |
_aHE363.F6 _bA3 1834 |
| 092 | 0 | 4 |
_a625.7 _bE743 _221 |
| 099 |
_a04 _a625.7 E743 |
||
| 100 | 1 | _aEscario,J. L. | |
| 245 | 0 | 0 |
_aTraite routes/ _cPar J. L. Escario |
| 260 |
_aParis, _bDunod, _c1954. |
||
| 300 |
_axxviii, 1119 p. _c25 cm. |
||
| 650 | 0 |
_aHighway law _zFrance. |
|
| 650 | 0 |
_aRoads _zFrance. |
|
| 902 | _a1 | ||
| 905 |
_aEman _eRev |
||
| 905 | _aJamal | ||
| 942 |
_2ddc _cBK |
||
| 999 |
_c108421 _d108421 |
||